000
00258nam a2200109Ia 4500
005
20251222144712.0
008
251222s9999||||xx |||||||||||||| ||spa||
082
_a
343.04/V47M/2006
245
0
_a
Manual Vera Paredes 2006-2007
264
_b
Surco
942
_c
LIB
999
_c
17887
_d
17887